| 000 | 00363nam a2200157Ia 4500 | ||
|---|---|---|---|
| 008 | 230711s9999||||xx |||||||||||||| ||und|| | ||
| 041 | _aENG | ||
| 082 |
_a720 _bEI-C |
||
| 100 | _aEinsiedel,Andreas | ||
| 245 | 0 | _aContemporary home | |
| 250 | _a1st . Ed. | ||
| 260 |
_c2000 _aLondon _bMerrell Publishers |
||
| 300 | _a239 | ||
| 650 | _aArchitecture | ||
| 942 | _cBK | ||
| 999 |
_c4953 _d4953 |
||